Elektrotechnická spôsobilosť učebné texty určené pre prípravu elektrotechnikov na skúšky ich odbornej spôsobilosti podľa vyhlášky ÚBP SR č. 74/1996 Z.z. zošit č. 3

Bibliographic Details
Main Author: Kopecký, Viliam (Author)
Format: Book
Language:Slovak
PhysicalDescription:32 s. sch., tab. 30 cm
Published: Žilina Markab 1997
Subjects:

MARC

LEADER 00000nam a2200000 a 4500
001 vtls001325043
003 SK-MaSNL
005 20260301114224.0
008 170706s1997 xo p r y 0 slo
015 |a SNBA1998/08-02774 
035 |a SNK000277787 
035 |a urn:nbn:sk:snk-amlpjc 
035 |a urn:nbn:sk:snk-am00c3m1 
035 |a 9EE8E8ED-0FC7-4F1A-863A-B2190B558423 
040 |a SNK  |b slo  |c SNK  |e AACR2 
041 0 |a slo 
044 |a xo  |c SK 
080 |a 621.316:331.823(075.4)  |2 1981 
080 |a 331.823(075.4)  |2 1981 
245 0 |a Elektrotechnická spôsobilosť  |b učebné texty určené pre prípravu elektrotechnikov na skúšky ich odbornej spôsobilosti podľa vyhlášky ÚBP SR č. 74/1996 Z.z.  |n zošit č. 3  |c vypracoval: Viliam Kopecký a kolektív 
260 |a Žilina  |b Markab  |c 1997 
300 |a 32 s.  |b sch., tab.  |c 30 cm 
500 |a Obalový názov 
650 0 7 |a bezpečnosť elektrických zariadení  |2 SNK  |9 158849 
650 0 7 |a bezpečnosť práce  |x zariadenia elektrické  |x texty učebné  |2 SNK  |9 386113 
655 7 |a príručky  |2 SNK  |9 74364 
700 1 |a Kopecký, Viliam  |4 aut  |9 9529 
958 |a TL 
958 |a BQ 
958 |a OND 
999 |c 717546  |d 719476 
952 |t P60, <03>, [BOOK], {603}  |a SNK  |b SNK  |y PREZ  |7 0  |p 17A0128032  |o snkSB 58448/3  |i snkKSP 3106/98  |0 0  |1 0  |4 0  |d 1998-03-20  |f 1  |l 0  |r 2017-06-30 00:00:00  |w 2026-02-23 
952 |t P60, <04>, [BOOK], {604}  |a SNK  |b SNK  |y VYP  |7 0  |p 17A0128033  |o snkSB 58448/3 D1  |i snkKSP 3107/98  |0 0  |1 0  |4 0  |d 1998-03-20  |l 0  |r 2005-01-02 00:00:00  |w 2026-02-23